Most Surveilled Cities - Statistics

General Stats
  • This quiz has been taken 20 times
  • The average score is 25 of 30
Answer Stats
Cameras/1000 people Country City % Correct
12.30 Iraq Baghdad
100%
39.93 China Beijing
100%
11.18 Germany Berlin
100%
12.14 United Arab Emirates Dubai
100%
7.15 Turkey Istanbul
100%
68.40 United Kingdom London
100%
9.62 India New Delhi
100%
5.53 Russia St. Petersburg
100%
12.35 Australia Sydney
100%
7.38 Austria Vienna
100%
7.85 Poland Warsaw
100%
6.71 China Hong Kong
95%
11.70 Russia Moscow
95%
15.25 Singapore Singapore
95%
60.49 China Wuhan
95%
13.06 United States Chicago
89%
9.09 Pakistan Islamabad
89%
113.46 China Shanghai
89%
5.61 United States Washington DC
89%
13.77 United Arab Emirates Abu Dhabi
84%
5.46 Australia Canberra
84%
52.75 China Guangzhou
84%
159.09 China Shenzhen
79%
15.56 United States Atlanta
58%
168.03 China Chongqing
58%
92.87 China Tianjin
58%
6.31 China Changsha
42%
12.40 China Urumqi
37%
73.82 China Ji'nan
26%
9.22 China Nanchang
11%
No matching quizzes found
Score Distribution
Percent of People with Each Score
Percentile by Number Answered
Your Score History
You have not taken this quiz